000 00549nam a2200181Ia 4500
999 _c29684
_d29684
003 OSt
005 20201229094736.0
008 190216s9999||||xx |||||||||||||| ||und||
020 _a9788182649514
040 _coclc
082 _a894.812301
_bMEN/S
100 _aMenon, Sreebala K
_97940
245 0 _aSilviya Plathinte Masterpiece /
_cSreebala K Menon
260 _bMathrubhumi Printing & Publishing,
_c2010.
_aKozhikode:
300 _a110p
650 _aKathakal
942 _cBK
_2ddc
_h894.812301
_iMEN/S
_k894.812301
_mMEN/S